| 000 | 01783nam a2200445Ia 4500 | ||
|---|---|---|---|
| 001 | dia_7336 | ||
| 003 | CHAP | ||
| 005 | 20250709125124.0 | ||
| 007 | ta | ||
| 008 | 220117s2018 mx abdofr 001 0 spa d | ||
| 040 |
_cCHAP _amxchpua |
||
| 090 |
_aT.C.770 _b A83 SAI _c2018 |
||
| 245 | 1 | 0 |
_aPráctica de campo SAI 2018 / _ccoordinadores J. Rogelio Ascencio Rivera y Moisés Gómez Díaz ; colaboradores Itzel Abarca Leocadio...[et al.] |
| 260 |
_aMéxico : _bEl autor, _c2018 |
||
| 300 |
_aiv, 76 hojas : _bilustraciones, mapas, gráficas, diagramas, tablas, fotos |
||
| 336 |
_2rdacontent _atexto _btxt |
||
| 337 |
_2rdamedia _ano mediado _bn |
||
| 338 |
_2rdacarrier _avolumen _bnc |
||
| 500 | _a6° año Grupo 1 | ||
| 502 |
_aViaje de Estudios _b(SAI) -- _cUACh. Departamento de Ingeniería Agroindustrial, _d2018 |
||
| 504 | _aBibliografía: hojas 74-76 | ||
| 505 |
_aEmpresas visitadas: --
_t1. Sociedad coorporativa Kabi Habi, S. P. R. y R. L. -- 2. Instituto Tecnológico de la zona maya -- 3.Unidad Multiciplinaria de Docencia e Investigación perteneciente a la facultad de ciencias UNAM , Sisal Yucatán |
||
| 650 | 1 | 3 |
_aIndustria pesquera _9145064 _zMéxico |
| 650 | 1 | 3 |
_aAgave fourcroydes _9152618 |
| 650 | 1 | 3 |
_aCapsicum chinense _9155066 |
| 650 | 1 | 3 |
_aMiel _9140677 |
| 650 | 1 | 0 |
_aFish industry _zMexico _9147383 |
| 650 | 1 | 3 |
_aHoney _9158819 |
| 700 | 1 |
_aAscencio Rivera, J. Rogelio _9154289 _ecoordinador |
|
| 700 | 1 |
_aDíaz Gómez, Moisés _9159512 _ecoordinador |
|
| 700 | 1 |
_aAbarca Leocadio, Itzel _9150531 _ecolaboradora |
|
| 901 | _aT.C.770 A83 SAI 2018 | ||
| 902 | _aM | ||
| 905 | _a5232272018 mx dnm 8223123322spa16 | ||
| 942 | _2local | ||
| 942 | _cVE | ||
| 999 |
_c177622 _d177622 |
||